Bedroom Quiz Stats

 Plays Quiz not verified by Sporcle

Challenge
Share
Tweet
Embed
Score 0/16 Timer 03:00
0 Plays Today
Clue/Question Answer % Correct
????
100%
????
94.7%
????
65%
????
62.6%
????
57.8%
????
57.8%
????
51.9%
????
44.2%
Clue/Question Answer % Correct
????
35.9%
????
35.4%
????
35.4%
????
35.4%
????
35%
????
33%
????
33%
????
32%

You're not logged in!

Compare scores with friends on all Sporcle quizzes.
OR
Log In

You Might Also Like...

Show Comments

Extras

Created Sep 4, 2011ReportNominate

Top Quizzes Today


Score Distribution

Your Account Isn't Verified!

In order to create a playlist on Sporcle, you need to verify the email address you used during registration. Go to your Sporcle Settings to finish the process.

Report this User

Report this user for behavior that violates our Community Guidelines.

Details: